[Event "Belfort"]
[Site "Belfort FRA"]
[Date "1995.??.??"]
[Round "6"]
[White "Hauchard, Arnaud"]
[Black "Rozentalis, Eduardas"]
[Result "1/2-1/2"]
[WhiteElo "2445"]
[BlackElo "2600"]
[PlyCount "101"]
[EventDate "1995.01.??"]
[Source "www.chesslib.no"]
[SourceDate "2004.05.04"]

1. Nf3 Nf6 2. g3 b6 3. Bg2 Bb7 4. O-O e6 5. c4 Be7 6. Nc3 O-O 7. Re1 d5 8. cxd5 Nxd5 9. Nxd5 Bxd5 10. d3 c5 11. Bd2 a5 12. Qa4 Bc6 13. Qf4 Nd7 14. Bc3 b5 15. Ne5 Bxg2 16. Kxg2 Nxe5 17. Qxe5 Qd5+ 18. e4 Qxe5 19. Bxe5 a4 20. Kf1 Rfd8 21. Ke2 f6 22. Bc3 Rd7 23. Red1 b4 24. Bd2 f5 25. Rac1 fxe4 26. dxe4 Rd4 27. Be3 Rxe4 28. Rd7 Bf6 29. Kf3 Rxe3+ 30. fxe3 Bxb2 31. Rc2 a3 32. Rb7 Bc3 33. Rc7 Rf8+ 34. Ke2 Rf5 35. Kd3 h6 36. Ra7 Bb2 37. Kc4 Re5 38. Kb5 Rxe3 39. Rxc5 b3 40. axb3 Rxb3+ 41. Kc4 Re3 42. Rc6 Kh7 43. Raa6 e5 44. Re6 Re2 45. Re7 e4 46. Kb3 e3 47. h4 h5 48. Ra5 Kg8 49. Ra8+ Kh7 50. Ra5 Kg8 51. Ra8+ 1/2-1/2

[Event "Cappelle la Grande"]
[Site "?"]
[Date "1994.??.??"]
[Round "?"]
[White "Chuchelov, V."]
[Black "Dvoirys, S."]
[Result "1-0"]
[WhiteElo "2495"]
[BlackElo "2550"]
[PlyCount "59"]
[EventDate "1994.??.??"]
[Source "ChessBase"]
[SourceDate "1994.02.01"]

1. Nf3 Nf6 2. g3 c5 3. Bg2 Nc6 4. O-O d5 5. d3 b6 6. c4 Bb7 7. d4 e6 8. Nc3 Rc8 9. cxd5 Nxd5 10. e4 Nxc3 11. bxc3 cxd4 12. cxd4 Be7 13. d5 Na5 14. Qa4+ Kf8 15. Ne5 exd5 16. exd5 f6 17. Nc6 Qd7 18. Ba3 Nxc6 19. dxc6 Bxc6 20. Bxe7+ Kxe7 21. Rfe1+ Kf7 22. Qb3+ Kg6 23. Rad1 Qb7 24. Qd3+ Kh6 25. Qe3+ Kg6 26. Bf1 Rhe8 27. Bd3+ Kf7 28. Bc4+ Kf8 29. Qa3+ Re7 30. Ba6 1-0

[Event "ISR-chT"]
[Site "Israel"]
[Date "1996.??.??"]
[Round "2"]
[White "Zoler, Dan"]
[Black "Kosashvili, Yona"]
[Result "1-0"]
[WhiteElo "2455"]
[BlackElo "2580"]
[PlyCount "107"]
[EventDate "1996.??.??"]
[Source "ChessBase"]

1. Nf3 Nf6 2. g3 b6 3. Bg2 Bb7 4. O-O e6 5. b3 d5 6. Bb2 Be7 7. d3 O-O 8. Nbd2 c5 9. e3 Nc6 10. Qe2 Qc7 11. c4 Rad8 12. Rac1 dxc4 13. Nxc4 b5 14. Nce5 Nxe5 15. Nxe5 Bxg2 16. Kxg2 Nd7 17. Nxd7 Qxd7 18. d4 cxd4 19. Bxd4 Ba3 20. Bb2 Bxb2 21. Qxb2 Qd5+ 22. Kg1 h5 23. Qe2 g6 24. Rfd1 Qe5 25. Rd2 h4 26. gxh4 Kg7 27. Rcd1 Rxd2 28. Qxd2 Qf6 29. Qd4 e5 30. Qe4 a6 31. Rd5 Re8 32. Rc5 Re6 33. Kg2 Kh6 34. Rc7 Kg7 35. Qf3 Rd6 36. Qxf6+ Kxf6 37. Ra7 Ke6 38. Kg3 f5 39. h5 gxh5 40. Rh7 Kd5 41. Rxh5 Ke4 42. h4 Rd1 43. f3+ Kxe3 44. Rxf5 Rg1+ 45. Kh3 e4 46. fxe4 Kxe4 47. Rf2 a5 48. Rg2 Rb1 49. Kg4 a4 50. bxa4 bxa4 51. h5 Rb6 52. Rh2 a3 53. h6 Rb2 54. Kg3 1-0

[Event "New York USA"]
[Site "?"]
[Date "1986.??.??"]
[Round "?"]
[White "Abramovic Bosko"]
[Black "Sax Gyula"]
[Result "0-1"]
[WhiteElo "2490"]
[BlackElo "2545"]
[PlyCount "106"]
[EventDate "1986.??.??"]
[Source "www.chesslib.no"]
[SourceDate "2004.05.04"]

1. Nf3 Nf6 2. e3 g6 3. b3 Bg7 4. Bb2 O-O 5. d4 d6 6. Nbd2 Nbd7 7. h3 c5 8. Be2 cxd4 9. Nxd4 a6 10. c4 Qc7 11. O-O Rb8 12. Rc1 b6 13. Re1 Bb7 14. Bf3 Nc5 15. Bxb7 Qxb7 16. Qe2 Rfc8 17. Red1 b5 18. Rc2 Nfd7 19. Ba1 Ne5 20. N4f3 Nc6 21. Bxg7 Kxg7 22. Rcc1 Nb4 23. Nb1 bxc4 24. Rxc4 d5 25. Rcc1 a5 26. Nc3 e6 27. Nd4 e5 28. Ndb5 Qa6 29. a3 Nbd3 30. Rb1 e4 31. Nd4 Nxb3 32. Nxd5 Qc4 33. Nxb3 Qxd5 34. Nd4 Rxb1 35. Rxb1 Rc3 36. Qg4 Rxa3 37. Qc8 Qc5 38. Qe8 Qe5 39. Qxe5+ Nxe5 40. Nb5 Rd3 41. Ra1 Nc6 42. Ra4 Rb3 43. Nd4 Rb4 44. Rxb4 Nxb4 45. Kf1 a4 46. Nb5 f5 47. Ke2 Kf6 48. Kd2 g5 49. Kc3 Nd3 50. f3 exf3 51. gxf3 Nf2 52. Kd2 Nxh3 53. Ke2 g4 0-1

[Event "Elista ol (Men)"]
[Site "Elista"]
[Date "1998.10.01"]
[Round "3"]
[White "Dizdarevic, Emir"]
[Black "Kunte, Abhijit"]
[Result "1-0"]
[WhiteElo "2530"]
[BlackElo "2505"]
[PlyCount "129"]
[EventDate "1998.09.29"]
[Source "ChessBase"]
[SourceDate "1998.11.06"]

1. Nf3 Nf6 2. g3 b6 3. Bg2 Bb7 4. O-O c5 5. d3 g6 6. e4 d6 7. Ng5 h6 8. Nh3 Nc6 9. f4 Bg7 10. c3 e6 11. Nd2 d5 12. e5 Ng8 13. Nf3 Nge7 14. Nf2 Nf5 15. Re1 Qc7 16. g4 Nfe7 17. d4 c4 18. Nh1 Bc8 19. Ng3 Bd7 20. Qc2 f5 21. exf6 Bxf6 22. Bd2 O-O-O 23. Re2 h5 24. g5 Bg7 25. Nh4 Rhg8 26. Kh1 Bh8 27. Rae1 Qd6 28. b3 cxb3 29. axb3 Rdf8 30. Rf1 Re8 31. Rfe1 Ref8 32. Qc1 Nf5 33. Ngxf5 exf5 34. Nf3 Kb8 35. Qa1 Re8 36. Ne5 Nxe5 37. dxe5 Qe6 38. Be3 Bc6 39. Rd2 Rd8 40. Qa2 Rd7 41. Red1 Rgd8 42. b4 Bg7 43. Kg1 Bf8 44. Rd4 Be7 45. Bf1 Bf8 46. Bf2 Qf7 47. Ra1 Rc8 48. Rd2 Qe6 49. Bd4 Rf7 50. Qa6 Rb7 51. Rda2 Rcc7 52. Qd3 Be8 53. Bg2 Rc4 54. Qf3 Rd7 55. Qf2 Rc8 56. Ra6 Rb7 57. Qa2 Qe7 58. Bxd5 Bc6 59. e6 Bg7 60. Bxg7 Qxg7 61. Ra3 Bxd5 62. Qxd5 Rxc3 63. Rxc3 Qxc3 64. Qd8+ Qc8 65. e7 1-0

[Event "Open"]
[Site "?"]
[Date "1999.07.04"]
[Round "9"]
[White "Georgiev Vladimir"]
[Black "Marin Mihail"]
[Result "1/2-1/2"]
[WhiteElo "2508"]
[BlackElo "2525"]
[PlyCount "21"]
[EventDate "1999.??.??"]
[Source "www.chesslib.no"]
[SourceDate "2004.05.04"]

1. Nf3 Nf6 2. g3 b6 3. Bg2 Bb7 4. O-O g6 5. d3 Bg7 6. e4 d6 7. a4 a6 8. Nc3 O-O 9. Re1 c5 10. d4 cxd4 11. Nxd4 1/2-1/2

[Event "Clarin"]
[Site "Buenos Aires"]
[Date "1978.??.??"]
[Round "5"]
[White "Quinteros, Miguel Angel"]
[Black "Browne, Walter S"]
[Result "0-1"]
[WhiteElo "2480"]
[BlackElo "2550"]
[PlyCount "132"]
[EventDate "1978.11.??"]
[Source "ChessBase"]

1. Nf3 Nf6 2. g3 b6 3. Bg2 Bb7 4. O-O e6 5. d3 d5 6. e4 dxe4 7. Nfd2 Nbd7 8. dxe4 Bc5 9. Qe2 e5 10. Nc4 O-O 11. Rd1 Qe7 12. Ne3 Bxe3 13. Qxe3 Nc5 14. f3 Rfd8 15. Re1 Ne6 16. Nc3 Nd4 17. Qf2 Rd6 18. Nd1 Rad8 19. Ne3 g6 20. c3 Ne6 21. Nc4 Rd1 22. Be3 Rxa1 23. Rxa1 Nd7 24. b4 Kg7 25. Re1 Ba6 26. Bf1 Bb7 27. Bc1 f6 28. Ne3 Ndf8 29. h4 c5 30. b5 h5 31. Bc4 Nc7 32. a4 Nfe6 33. Qa2 Kh8 34. Qb3 Rd6 35. Re2 Qf8 36. Nd5 Nxd5 37. Bxd5 Qc8 38. Rd2 Bxd5 39. exd5 c4 40. Qa3 Nc5 41. Qb4 Qh3 42. Rg2 Rxd5 43. Bd2 Qf5 44. f4 Qc2 45. Be3 Qxa4 46. Bxc5 Qd1+ 47. Kh2 Rxc5 48. fxe5 fxe5 49. Qa3 Qd7 50. Rf2 Kg7 51. Qc1 Rd5 52. Qe3 Qe7 53. Qe4 Rxb5 54. Rd2 Rc5 55. Qa8 Rc7 56. Rd8 Qf7 57. Qe4 Qf2+ 58. Kh1 Qf5 59. Qa8 Qh3+ 60. Kg1 Qxg3+ 61. Kh1 Qh3+ 62. Kg1 Qg3+ 63. Kh1 Qxh4+ 64. Kg2 Qf6 65. Rg8+ Kh7 66. Rf8 Qc6+ 0-1